Responsabilidad de todos

Bibliographic Details
Main Author: Gm̤ez Morin, Manuel
Format: eBook
Language:Spanish
Published: Ciudad de Mx̌ico : Cm̀ara de Diputados, 2014.
Subjects:
Online Access:Acceso restringido

MARC

LEADER 00000nam a22000007a 4500
005 20171020154021.0
007 cr||| ||||
008 171020s2014 mx |||||s|||| 00||0 spa d
020 |a 978-84-16142-33-0 
035 |a 20732 
040 |a vLex 
090 |c 7130  |d 7130 
100 1 |a Gm̤ez Morin, Manuel 
245 1 0 |a Responsabilidad de todos  |h [Recurso electrn̤ico] /  |c Manuel Gm̤ez Morin 
256 |a Servicio en ln̕ea 
260 |a Ciudad de Mx̌ico :  |b Cm̀ara de Diputados,  |c 2014. 
300 |a 1 recurso electrn̤ico 
506 |a Contenidos solo disponible en los productos indicados  |d vLex Global  |d vLex Global (Academic Edition, excluding Law Schools)  |d vLex Global (U.S. Academic Edition, Law Schools)  |d vLex Global (U.S. Academic Edition, excluding Law Schools)  |d vLex Global (Academic Edition, Law Schools) 
650 0 4 |a Polt̕ica  |z Mx̌ico 
740 0 |a vLex Libros (Servicio en ln̕ea) 
856 4 0 |u http://vlex.com/source/responsabilidad-todos-20732  |z Acceso restringido 
942 |c BOOK 
999 0 |a Politics, Practical